000
00327 a2200157 4500
001
46851
020
_a
9788575294604
040
_c
Anchieta - Aquarius
100
_a
Guilherme, Ricardo.
240
1
0
_a
=Iracema
_l
por
245
1
0
_a
=Iracema
300
_a
60
362
0
_a
2011
650
4
_a
Literatura brasileira
942
_c
BK
999
_c
46851
_d
46851